| 000 | 00486cam a2200181ua 4500 | ||
|---|---|---|---|
| 020 | _c3.50 | ||
| 041 |
_amal _h |
||
| 082 |
_a894.81209 _bPAR/NA |
||
| 100 | _aParameswaran Pillai, Mekkola. | ||
| 245 |
_aNaveenanatakadarsanam / _cMekolla Parameswaran Pillai. _hTextual Documents |
||
| 250 |
_a1 / _b. |
||
| 260 |
_aKottayam : _bSahitya Pravarthaka Co-operative Society , _c1957. |
||
| 300 | _a332 ; . | ||
| 365 | _a3.50 | ||
| 504 | _a | ||
| 942 | _cBK | ||
| 999 |
_c11685 _d11685 |
||